现代英囯经济史 Xian dai Yingguo jing ji shi = The economic history of modern Britain; volume 2 {ch}/ (Record no. 36675)
[ view plain ]
| 000 -LEADER | |
|---|---|
| fixed length control field | 01418cam a22003134a 4500 |
| 001 - CONTROL NUMBER | |
| control field | 51942310 |
| 003 - CONTROL NUMBER IDENTIFIER | |
| control field | OSt |
| 005 - DATE AND TIME OF LATEST TRANSACTION | |
| control field | 20140520110345.0 |
| 008 - FIXED-LENGTH DATA ELEMENTS--GENERAL INFORMATION | |
| fixed length control field | 030314s2009 cc b 001 0 chi |
| 020 ## - INTERNATIONAL STANDARD BOOK NUMBER | |
| International Standard Book Number | 9787100060080 |
| 020 ## - INTERNATIONAL STANDARD BOOK NUMBER | |
| International Standard Book Number | 7100060087 |
| 020 ## - INTERNATIONAL STANDARD BOOK NUMBER | |
| International Standard Book Number | 9787100060608 |
| 020 ## - INTERNATIONAL STANDARD BOOK NUMBER | |
| International Standard Book Number | 7100060605 |
| 020 ## - INTERNATIONAL STANDARD BOOK NUMBER | |
| International Standard Book Number | 9787100060615 |
| 020 ## - INTERNATIONAL STANDARD BOOK NUMBER | |
| International Standard Book Number | 7100060613 |
| 100 ## - MAIN ENTRY--PERSONAL NAME | |
| Personal name | 克拉潘 Clapham, J. H. (John Harold), Sir, |
| Dates associated with a name | 1873-1946. |
| 245 04 - TITLE STATEMENT | |
| Title | 现代英囯经济史 Xian dai Yingguo jing ji shi = The economic history of modern Britain; volume 2 {ch}/ |
| Statement of responsibility, etc | 克拉潘著 ; 姚曾廙译. ; J. H.Clapham |
| 246 30 - VARYING FORM OF TITLE | |
| Title proper/short title | Economic history of modern Britain. |
| 260 ## - PUBLICATION, DISTRIBUTION, ETC. (IMPRINT) | |
| Place of publication, distribution, etc | 商务印书馆, Beijing : |
| Name of publisher, distributor, etc | Shang wu yin shu guan, |
| Date of publication, distribution, etc | 2009. |
| 300 ## - PHYSICAL DESCRIPTION | |
| Extent | 3 v. in 4 : |
| Other physical details | ill., maps ; |
| Dimensions | 21 cm. |
| 440 ## - SERIES STATEMENT/ADDED ENTRY--TITLE | |
| Title | 漢譯世界學術名著叢書 Han yi shi jie xue zhu ming zhu cong shu = [Collection of world-renown academic classical works in Chinese]. |
| 504 ## - BIBLIOGRAPHY, ETC. NOTE | |
| Bibliography, etc | Includes bibliographical references and index. |
| 505 0# - FORMATTED CONTENTS NOTE | |
| Formatted contents note | v. 1. Industrialisation, 1700-1860 -- v. 2. Economic maturity, 1860-1939 -- v. 3. Structural change and growth, 1939-2000. |
| 651 #0 - SUBJECT ADDED ENTRY--GEOGRAPHIC NAME | |
| Geographic name | Great Britain |
| General subdivision | Economic conditions {ch]. |
| 651 #0 - SUBJECT ADDED ENTRY--GEOGRAPHIC NAME | |
| Geographic name | Great Britain |
| General subdivision | Economic conditions |
| Chronological subdivision | 18th century {ch}. |
| 651 #0 - SUBJECT ADDED ENTRY--GEOGRAPHIC NAME | |
| Geographic name | Great Britain |
| General subdivision | Economic conditions |
| Chronological subdivision | 19th century {ch}. |
| 651 #0 - SUBJECT ADDED ENTRY--GEOGRAPHIC NAME | |
| Geographic name | Great Britain |
| General subdivision | Economic conditions |
| Chronological subdivision | 20th century {ch}. |
| 942 ## - ADDED ENTRY ELEMENTS (KOHA) | |
| Source of classification or shelving scheme | Library of Congress Classification |
| Item type | Books |
| Withdrawn status | Lost status | Source of classification or shelving scheme | Damaged status | Not for loan | Home library | Current library | Shelving location | Date acquired | Source of acquisition | Cost, normal purchase price | Serial Enumeration / chronology | Accession number | Total Checkouts | Full call number | Barcode | Date last seen | Price effective from | Koha item type |
|---|---|---|---|---|---|---|---|---|---|---|---|---|---|---|---|---|---|---|
| Library of Congress Classification | BSOP Library | BSOP Library | Reference Chinese | 06/05/2013 | Commercial Press | 489.64 | v. II | C-11614 | HC255 C53 2009 | 00043004 | 06/05/2013 | 06/05/2013 | Books | |||||
| Library of Congress Classification | BSOP Library | BSOP Library | Reference Chinese | 06/05/2013 | Commercial Press | 483.44 | v. III | C-11615 | HC255 C53 2009 | 00043005 | 06/05/2013 | 06/05/2013 | Books |
